Statistické přehledy Statistický údajový měsíčník České republiky

Salvato in:
Dettagli Bibliografici
Natura: Periodico
Lingua:ceco
Pubblicazione: Praha PEDO 1993
Soggetti:
Tags: Aggiungi Tag
Nessun Tag, puoi essere il primo ad aggiungerne!!

MARC

LEADER 00000nas2a2200000 4500
001 s014027
005 20240109095702.6
022 |a 0322-7537 
041 0 |a cze 
044 |a CZ 
245 1 0 |a Statistické přehledy  |b Statistický údajový měsíčník České republiky 
264 1 |a Praha  |b PEDO  |c 1993 
300 |a 2 zv. 
773 0 |w eu_un_cat*s120235 
610 2 0 |a štatistika 
610 2 0 |a údaje štatistické 
610 2 0 |a ukazovatele NH